El enigma del don

সংরক্ষণ করুন:
গ্রন্থ-পঞ্জীর বিবরন
প্রধান লেখক: Godelier, Maurice (Author)
বিন্যাস: গ্রন্থ
ভাষা:স্প্যানিশ
প্রকাশিত: Barcelona Paidós 1998
সংস্করন:1a. ed
মালা:Paidós Básica, 93
বিষয়গুলি:
ট্যাগগুলো: ট্যাগ যুক্ত করুন
কোনো ট্যাগ নেই, প্রথমজন হিসাবে ট্যাগ করুন!

MARC

LEADER 00000cam a2200000 a 4500
001 UCI8374
003 CL-VaPUC
008 080828e19980000SP |||||||||||||||||spa|d
020 |a 844930525X 
082 0 4 |a 361.74  |b GOD  |2 21 
100 |a Godelier, Maurice  |e author  |9 571184 
245 1 3 |a El enigma del don 
250 |a 1a. ed 
300 |a 315 p 
942 |c BK 
945 |d 20080828 00:00:00  |a jtorresc 
260 |a Barcelona  |b Paidós  |c 1998 
650 0 |a Donaciones  |9 371911 
650 0 |a Antropología económica  |9 380115 
583 |a last modification  |c 20131011 07:09:00  |k Rodrigo Vera 
490 0 |a Paidós Básica, 93 
999 |c 331300  |d 331298 
952 |0 0  |1 0  |4 0  |6 361_740000000000000_GOD_1998  |7 0  |8 A  |9 417685  |a BIBGIM  |b BIBGIM  |d 2019-11-22  |i 447497K  |o 361.74 GOD 1998  |p 447497K  |r 2025-01-15  |w 2019-11-22  |y BK  |k SSL 
952 |0 0  |1 0  |3 erb  |4 0  |6 361_740000000000000_GOD_1998  |7 0  |8 A  |9 417686  |a BIBEDU  |b BIBEDU  |d 2019-11-22  |i 5019389  |o 361.74 GOD 1998  |p 5019389  |r 2019-11-22  |w 2019-11-22  |y BK  |z Catalogado en:20131018  |k PSI